| 000 | 00387cam a2200157ua 4500 | ||
|---|---|---|---|
| 003 | OSt | ||
| 008 | 230509b |||||||| |||| 00| 0 eng d | ||
| 020 | _a9788121941495 | ||
| 041 | _aeng | ||
| 082 |
_a658 _bPIL/PR |
||
| 100 |
_aPillai,R.S.N _95453 |
||
| 245 | _aPrinciples and practice of management | ||
| 260 |
_aNew Delhi : _bS.Chand & Sons , _c2021 |
||
| 300 | _a399 . | ||
| 942 | _cBK | ||
| 999 |
_c17688 _d17688 |
||